000 00484nam a2200169Ia 4500
999 _c24588
_d24588
003 OSt
005 20201214112649.0
008 190216s9999||||xx |||||||||||||| ||und||
040 _coclc
082 _a894.812
_bBAL/N
100 _aBalakrishnan, P K
_91791
245 0 _aNovel Sidhiyum Sadanayum /
_cP K Balakrishnan
260 _bNational Books Stall.
_aKottayam:
300 _a326p
650 _aPadanam
942 _cBK
_2ddc
_h894.812
_iBAL/N
_k894.812
_mBAL/N